Programa centroamericano de formación en desarrollo agropecuario y reforma agraria: prospecto
En el siguiente libro se presentan los temas referentes al Programa Centroamericano de Formación en Desarrollo Agropecuario y Reforma Agraria, tales como la descripción, las áreas de formación, los participantes en el programa y el funcionamiento del mismo
Guardado en:
| Autor Corporativo: | |
|---|---|
| Formato: | Texto |
| Publicado: |
Managua:
MIDINRA
|
| Materias: | |
| Etiquetas: |
Agregar Etiqueta
Sin Etiquetas, Sea el primero en etiquetar este registro!
|
MARC
| LEADER | 00000 a a2200000 04500 | ||
|---|---|---|---|
| 001 | 36276 | ||
| 003 | |||
| 040 | |a CRAI/IIS |c CRAI/IIS | ||
| 090 | |a 0002 C397p | ||
| 110 | |a Nicaragua. Ministerio de Desarrollo Agropecuario y Reforma Agraria | ||
| 245 | |a Programa centroamericano de formación en desarrollo agropecuario y reforma agraria: prospecto | ||
| 260 | |a Managua: |b MIDINRA | ||
| 300 | |a 14 p. | ||
| 520 | |a En el siguiente libro se presentan los temas referentes al Programa Centroamericano de Formación en Desarrollo Agropecuario y Reforma Agraria, tales como la descripción, las áreas de formación, los participantes en el programa y el funcionamiento del mismo | ||
| 650 | |a DESARROLLO AGROPECUARIO | ||
| 650 | |a ESTRUCTURA AGRARIA | ||
| 650 | |a DEMOCRATIZACION | ||
| 650 | |a ECONOMIA | ||
| 650 | |a PRODUCCION | ||
| 650 | |a AMERICA CENTRAL | ||
| 999 | |c 17087 |d 17087 | ||
